Reports on the surface water supply of Louisiana to September 30, 1938, (Record no. 27581)

MARC details
000 -LEADER
fixed length control field 01051cam a22002531 4500
001 - CONTROL NUMBER
control field gs 39000271
003 - CONTROL NUMBER IDENTIFIER
control field DLC
005 - DATE AND TIME OF LATEST TRANSACTION
control field 20260227111345.0
008 - FIXED-LENGTH DATA ELEMENTS--GENERAL INFORMATION
fixed length control field 790611s1939 laua s000 0 eng
010 ## - LIBRARY OF CONGRESS CONTROL NUMBER
LC control number gs 39000271
035 ## - SYSTEM CONTROL NUMBER
System control number (OCoLC)5054098
040 ## - CATALOGING SOURCE
Original cataloging agency DLC
Transcribing agency TxCM
Modifying agency OCoLC
-- DLC
042 ## - AUTHENTICATION CODE
Authentication code premarc
050 00 - LIBRARY OF CONGRESS CALL NUMBER
Classification number QE117
Item number .A22 no. 16
100 1# - MAIN ENTRY--PERSONAL NAME
Personal name Marsh, Ralph Eastman,
Dates associated with a name 1903-
245 10 - TITLE STATEMENT
Title Reports on the surface water supply of Louisiana to September 30, 1938,
Statement of responsibility, etc. by Ralph E. Marsh.
260 ## - PUBLICATION, DISTRIBUTION, ETC.
Place of publication, distribution, etc. New Orleans, La.,
Name of publisher, distributor, etc. Dept. of Conservation, Louisiana Geological Survey,
Date of publication, distribution, etc. 1939.
300 ## - PHYSICAL DESCRIPTION
Extent xi, 196, [2] p.
Other physical details illus.
490 1# - SERIES STATEMENT
Series statement Louisiana. Dept. of Conservation. Geological bulletin
Volume/sequential designation no. 16
500 ## - GENERAL NOTE
General note At head of title: State of Louisiana. Dept. of Conservation. Ernest S. Clements, Commissioner, in cooperation with United States Department of the Interior, Geological Survey.
650 #0 - SUBJECT ADDED ENTRY--TOPICAL TERM
Topical term or geographic name entry element Water-supply
Geographic subdivision Louisiana.
710 2# - ADDED ENTRY--CORPORATE NAME
Corporate name or jurisdiction name as entry element Geological Survey (U.S.)
810 2# - SERIES ADDED ENTRY--CORPORATE NAME
Corporate name or jurisdiction name as entry element Louisiana Geological Survey.
Title of a work Geological bulletin ;
Volume/sequential designation no. 16.

No items available.

Powered by Koha